000 00289nam a22001337a 4500
008 171023b xxu||||| |||| 00| 0 eng d
020 _a9780976181521
041 _aeng
080 _a658
100 _a54
101 _aLED
245 _aMOMENTS IN LEADERSHIP
_cRITA.A
942 _2udc
_cBK
999 _c35383
_d35383